Iowa State journal of business and technical communication : JBTC.

Bibliographic Details
New Title:Journal of business and technical communication
Corporate Author: Iowa State University
Format: Journal
Language:English
Published: Ames, IA : Iowa State University, ©1986-©1988.
Subjects:
Online Availability: Check for online availability

MARC

Tag First Indicator Second Indicator Subfields
LEADER 00000cas a2200000 a 4500
001 in00004362221
005 20220105155820.0
006 m o d
007 cr un||||a|a||
008 190216d19871988iaufx p o s0 a0eng d
010 |a  91641389   |z sn 87000382   |z sn 87012775  
019 |a 182523747  |a 1036720503  |a 1039216442  |a 1048193031  |a 1048760855  |a 1058059395  |a 1066589037  |a 1081013872  |a 1081123897  |a 1113395346  |a 1113809929  |a 1125091236  |a 1127110273  |a 1160082843 
022 |l 0892-5720  |y 0892-5720 
029 1 |a AU@  |b 000059466217 
029 1 |a NZ1  |b 13840976 
035 |a (OCoLC)on1085991566 
035 |a (OCoLC)1085991566  |z (OCoLC)182523747  |z (OCoLC)1036720503  |z (OCoLC)1039216442  |z (OCoLC)1048193031  |z (OCoLC)1048760855  |z (OCoLC)1058059395  |z (OCoLC)1066589037  |z (OCoLC)1081013872  |z (OCoLC)1081123897  |z (OCoLC)1113395346  |z (OCoLC)1113809929  |z (OCoLC)1125091236  |z (OCoLC)1127110273  |z (OCoLC)1160082843 
037 |b JBTC, Iowa State University, Dept. of English, Ames, IA 50011 
040 |a OCLCE  |b eng  |c OCLCE  |d NTD  |d OCLCF  |d RCE  |d TOH  |d U3W  |d VT2  |d WYU  |d ICE  |d CNCGM  |d OCLCQ  |d OCLCO  |d UHL  |d OCLCQ  |d UtOrBLW 
042 |a dlr 
049 |a TXAM 
050 4 |a HF5717  |b .I58 Electronic 
050 4 |a PE1475  |b .I58 Electronic 
082 0 4 |a 658.4/5/05  |2 20 
245 0 0 |a Iowa State journal of business and technical communication :  |b JBTC. 
246 3 0 |a JBTC 
264 1 |a Ames, IA :  |b Iowa State University,  |c ©1986-©1988. 
300 |a 1 online resource (2 volumes) :  |b illustrations 
310 |a Two no. a year 
336 |a text  |b txt  |2 rdacontent 
337 |a computer  |b c  |2 rdamedia 
338 |a online resource  |b cr  |2 rdacarrier 
362 0 |a Vol. 1, no. 1 (Jan. 1987)-v. 2, no. 1 (Jan. 1988). 
588 0 |a Print version record; title from cover. 
500 |a Electronic resource. 
650 0 |a Business communication  |v Periodicals. 
650 0 |a Communication of technical information  |v Periodicals. 
650 7 |a Business communication.  |2 fast  |0 (OCoLC)fst00842419 
650 7 |a Communication of technical information.  |2 fast  |0 (OCoLC)fst00870307 
655 0 |a Electronic journals. 
655 7 |a Periodicals.  |2 fast  |0 (OCoLC)fst01411641 
710 2 |a Iowa State University.  |0 http://id.loc.gov/authorities/names/n81041658 
776 0 8 |i Print version:  |t Iowa State journal of business and technical communication  |x 0892-5720  |w (DLC) 91641389  |w (OCoLC)15231816 
785 0 0 |t Journal of business and technical communication 
994 |a C0  |b TXA 
999 f f |s 041fac48-466e-30c1-baa2-234a70dd692f  |i b1904bc0-96a4-39fb-af72-c48f30fa9540  |t 0 
952 f f |a Texas A&M University  |b College Station  |c Electronic Resources  |d Available Online  |t 0  |e PE1475 .I58  |g Electronic  |h Library of Congress classification 
998 f f |a PE1475 .I58  |t 0  |l Available Online